000 00647nam a2200241Ia 4500
001 36115
005 20240114001843.0
007 ta
008 070409s1948 a g b000 u 465 u
040 _aCotton College,Assam
041 _a465
082 _a630
_bC 732 Ag
100 _aComber, N.M..
245 0 _aAgricultural Education in Great Britain /
_cN.M.Comber.
_hTextual Documents
250 _a1st ed. /
260 _aLondon :
_bThe British Council ,
_c1948.
300 _a28p. :
_bill ;
_c22cm .
653 _aAgricultural Education
653 _aG-Technology
942 _2ddc
_cBK
999 _c36097
_d36097